Manual SAS para microcomputadoras
Gorde:
| Egile nagusia: | |
|---|---|
| Beste egile batzuk: | |
| Formatua: | Liburua |
| Hizkuntza: | Spanish |
| Argitaratua: |
San José, C.R. : Editorial de la Universidad de Costa Rica
1998.
|
| Gaiak: | |
| Etiketak: |
Etiketa erantsi
Etiketarik gabe, Izan zaitez lehena erregistro honi etiketa jartzen!
|
MARC
| LEADER | 00000nam a2200000Ia 4500 | ||
|---|---|---|---|
| 003 | 000446 | ||
| 005 | 20221231143935.0 | ||
| 008 | 140114s1998 cr a 000 ||spa d | ||
| 040 | |c cru CEDI | ||
| 082 | |a 310.285.571 B742m | ||
| 100 | |a Boschini Figueroa, Carlos Enrique, 1947- |9 20534 | ||
| 245 | |a Manual SAS para microcomputadoras | ||
| 260 | |a San José, C.R. : Editorial de la Universidad de Costa Rica |c 1998. | ||
| 300 | |a 233 páginas + 1 apéndice (24 páginas) | ||
| 650 | |x ESTADISTICA - PROGRAMAS PARA COMPUTADORA |x SAS (ARCHIVO PARA COMPUTADORA) |9 20536 | ||
| 700 | |9 20535 |a Sancho, Eugenio | ||
| 942 | |2 ddc |c BK | ||
| 999 | |c 14530 |d 14530 | ||
